Ảo vọng mê cuồng Truyện không đọc lúc nửa đêm
v.v...
Đã lưu trong:
| Tác giả chính: | |
|---|---|
| Định dạng: | Sách |
| Năm xuất bản: |
Thanh Hóa
Nxb Thanh Hóa
2008
|
| Chủ đề: | |
| Tags: |
Thêm thẻ
Không có thẻ, Hãy là người đầu tiên gắn thẻ bản ghi này!
|
| LEADER | 00959nam a2200193 4500 | ||
|---|---|---|---|
| 082 | |a 895.922334 |b M451PH | ||
| 100 | |a Mộc Phong | ||
| 245 | |a Ảo vọng mê cuồng |c Mộc Phong |b Truyện không đọc lúc nửa đêm | ||
| 260 | |a Thanh Hóa |b Nxb Thanh Hóa |c 2008 | ||
| 300 | |a 179 tr. |c 21 cm. | ||
| 520 | |a v.v... | ||
| 653 | |a Văn học hiện đại | ||
| 653 | |a Việt Nam | ||
| 653 | |a Truyện kinh dị | ||
| 942 | |2 ddc |c STK0 | ||
| 999 | |c 2812 |d 2812 | ||
| 952 | |0 0 |1 0 |2 ddc |4 0 |6 895_922334000000000_M451PH |7 1 |8 800 |9 33398 |a qbu |b qbu |c D5 |d 2014-12-15 |g 28000 |l 1 |o 895.922334 M451PH |p 995.c1 |r 2015-04-24 |s 2015-04-17 |w 2014-12-15 |y STK0 | ||
| 952 | |0 0 |1 0 |2 ddc |4 0 |6 895_922334000000000_M451PH |7 0 |8 800 |9 33399 |a qbu |b qbu |c D5 |d 2014-12-15 |g 28000 |o 895.922334 M451PH |p 995.c2 |r 2015-10-29 |w 2014-12-15 |y STK0 | ||
| 952 | |0 0 |1 0 |2 ddc |4 0 |6 895_922334000000000_M451PH |7 0 |8 800 |9 33400 |a qbu |b qbu |c D5 |d 2014-12-15 |g 28000 |l 2 |o 895.922334 M451PH |p 995.c3 |r 2015-11-30 |s 2015-11-26 |w 2014-12-15 |y STK0 | ||